|
|
|
|
| LEADER |
02033nam a2200361 a 4500 |
| 001 |
15422772 |
| 008 |
120801s2010 nyu b 001 0 eng d |
| 010 |
|
|
|a 2008037416
|
| 020 |
|
|
|a 9780231700665 (cloth : alk. paper)
|
| 020 |
|
|
|a 0231700660 (cloth : alk. paper)
|
| 020 |
|
|
|a 9789848815199
|
| 040 |
|
|
|a DLC
|c DLC
|d BTCTA
|d BAKER
|d YDXCP
|d C#P
|d BWX
|d QMC
|d CDX
|d DLC
|d BD-DhAAL
|
| 082 |
0 |
0 |
|a 954.9105
|2 22
|
| 100 |
1 |
|
|a Milam, William B.
|9 53444
|
| 245 |
1 |
0 |
|a Bangladesh and Pakistan :
|b flirting with failure in South Asia /
|c William B. Milam.
|
| 260 |
|
|
|a New York :
|b Columbia University Press,
|c c2010.
|
| 300 |
|
|
|a xii, 276 p. ;
|c 23 cm.
|
| 490 |
1 |
|
|a ADST-DACOR diplomats and diplomacy series ;
|v 34th v.
|
| 500 |
|
|
|a "An ADST-DACOR diplomats and diplomacy book."
|
| 504 |
|
|
|a Includes bibliographical references (p. 261-269) and index.
|
| 505 |
0 |
|
|a Introduction: The turning points -- The legacy of two bloody partitions -- Flawed leaders and failed democracies -- From military to civilian rule in Bangladesh -- From military to semi-military rule in Pakistan -- The Ershad military intervention -- Electoral democracy is not enough -- Electoral democracy revisits Pakistan, 1988-99 -- Pakistan's self-fulling prophecy: The military back in power -- Economic and social development and the NGOs -- Still on the brink after thirty-seven years -- Epilogue.
|
| 541 |
|
|
|a 00025682
|
| 650 |
|
0 |
|a Islam and politics
|z Pakistan.
|
| 650 |
|
0 |
|a Islam and politics
|z Bangladesh.
|
| 651 |
|
0 |
|a Pakistan
|x Politics and government.
|
| 651 |
|
0 |
|a Bangladesh
|x Politics and government.
|
| 651 |
|
0 |
|a Pakistan
|x Civilization.
|9 53445
|
| 651 |
|
0 |
|a Bangladesh
|x Civilization.
|
| 830 |
|
|
|a ADST-DACOR diplomats and diplomacy series ;
|v 34th v.
|9 53446
|
| 852 |
1 |
|
|a Ayesha Abed Library
|j General stacks
|
| 942 |
|
|
|2 ddc
|c BK
|
| 999 |
|
|
|c 12653
|d 12653
|
| 952 |
|
|
|0 0
|1 0
|2 ddc
|4 0
|6 954_910500000000000_MIL
|7 0
|9 20884
|a IGS
|b IGS
|c GEN
|d 2012-08-01
|e University Press Limited
|g 600.00
|l 1
|m 2
|o 954.9105 MIL
|p 3010025682
|r 2014-06-10
|s 2013-02-18
|t 1
|w 2012-08-01
|y BK
|